Mauritius in figures 2005

Enregistré dans:
Détails bibliographiques
Format: Livre
Langue:anglais
Publié: Port Louis Central Statistics Office 2006
Sujets:
Tags: Ajouter un tag
Pas de tags, Soyez le premier à ajouter un tag!

MARC

LEADER 00000nam$a2200000$$$4500
001 0060298
005 20251201095210.5
041 0 |a eng 
044 |a MU 
245 1 0 |a Mauritius in figures 2005 
264 1 |a Port Louis  |b Central Statistics Office  |c 2006 
300 |a 44 s. 
610 2 0 |a sektory hospodárske 
610 2 0 |a Maurícius